| 000 | 01616cam a22003857a 4500 | ||
|---|---|---|---|
| 003 | CHAP | ||
| 005 | 20220329142322.0 | ||
| 008 | 000620d1999 mx a r o00110 esp d | ||
| 010 | _a81625 | ||
| 011 | _a82597 | ||
| 020 | _a9701325079 | ||
| 035 | _a93096 | ||
| 040 | _cCHAP | ||
| 082 | 0 | 4 |
_a574.509725 _bI54 |
| 110 | 2 |
_aInstituto Nacional de Estadística, Geografía e Informática. México _959304 |
|
| 245 | 1 | 0 |
_aEstadísticas del medio ambiente del Distrito Federal y Zona Metropolitana _c/por Instituto Nacional de Estadística Geografía e Informática |
| 260 |
_aAguascalientes, Ags. : _bInstituto Nacional de Estadística, Geografía e Informática, _c199- |
||
| 300 |
_av. : _bilus. ; gráfs. ; mapas |
||
| 500 | _aLa biblioteca tiene : 1999, 2000, 2002 | ||
| 590 |
_aBATCH-UPD _b10 _c20130110 _lUCH01 _h1102 |
||
| 590 |
_aBATCH-UPD _b10 _c20130410 _lUCH01 _h0655 |
||
| 590 |
_aBATCH-UPD _b10 _c20130914 _lUCH01 _h0428 |
||
| 590 |
_aCONVERSION _b10 _c20130109 _lUCH01 _h1345 |
||
| 650 | 1 | 4 |
_aAsentamiento social. _97891 |
| 650 | 1 | 4 |
_aMedio ambiente _xConservación. _974068 |
| 650 | 1 | 4 |
_aMedio ambiente _xEstadísticas _xMéxico. _974083 |
| 650 | 1 | 4 |
_aMedio ambiente _xLeyes. _974098 |
| 650 | 1 | 4 |
_aRecursos naturales _xConservación _xMéxico. _995242 |
| 901 | _aBK | ||
| 905 | _aAlejandra Carrasco M. | ||
| 942 | _cLIBRO | ||
| 949 |
_a574.509725 I54 _bBC _cINEGI _d33724000799722 _eINEGI _f1999 _h98233 _i93096 _sex |
||
| 949 |
_a574.509725 I54 _bBC _cINEGI _d33724000874756 _eINEGI _f2000 _gDonaciØn _h102890 _i93096 _sb |
||
| 949 |
_a574.509725 I54 _bBC _cINEGI _d33724000972857 _eINEGI _f2002 _gDonaciØn _h107484 _i93096 _sb |
||
| 999 |
_c81625 _d81625 |
||